01778nam a2200229Ia 4500001000400000008004100004010000800045041001400053082003200067245017600099260001100275300000700286520000600293630001400299630001300313630001600326650004500342700002900387700004600416700003700462520104900499238241029s9999 xx 000 0 und d a210 aEspañol aCURNE PSI-4 2008 F.H. M.A. 0aActitudes de los docentes frente al comportamiento sexual de los/las adolescentes del Liceo Ercilia Pepín Matutino de San Francisco de Macorís. Año Escolar 2006-2007 aDuarte a81 a6 aActitudes aDocentes aEstudiantes aEjes Transversales (Educación y Salud) easesoraMolina, Cristina eautora De Jesús Ortega, Ana De Jesús eautora Then Then, Dulce María aEl propósito general de este estudio es investigar la actitud de los docentes, y como estas inciden en las manifestaciones sexuales de los/as adolescentes del Liceo Ercilia Pepín matutino, año escolar 2006-2007.  Además, el análisis  de las actitudes de los docentes frente a comportamientos sexuales de los adolescentes de 14 a 19 años. Por último verificar el acceso de los docentes a programas informativos y de capacitación que tienen, así como las reacciones de los docentes frente a los temas relacionados con la sexualidad de los y las adolescentes del Liceo Ercilia Pepín matutino.El diseño de esta investigación es descriptivo, la población de estudio está presentada por todos los docentes del Liceo Ercilia Pepín matutino de San Francisco de Macorís.  Se aplicaron instrumentos, se realizaron entrevistas y observaciones.Siendo así que el estudio revela que los docentes presentan una actitud madura y adecuada frente al comportamiento sexual de los adolescentes del Centro Educativo estudiado.